书目信息 |
| 题名: |
了解美国
|
|
| 作者: | 格瑞菲思 , 丁杰思 著 | |
| 分册: | ||
| 出版信息: | 北京 华夏出版社 1997.12 |
|
| 页数: | 213页 | |
| 开本: | 21cm | |
| 丛书名: | ||
| 单 册: | ||
| 中图分类: | D771.2 | |
| 科图分类: | ||
| 主题词: | 政治--美国--概况 | |
| 电子资源: | ||
| ISBN: | 7-5080-1467-7 | |
| 000 | 00606nam0 2200205 45 | |
| 001 | 0005091594 | |
| 005 | 20050329171002.1 | |
| 010 | @a7-5080-1467-7@dCNY15.00 | |
| 100 | @a20000509d1997 km y0chiy0120 ea | |
| 101 | @achi | |
| 105 | @a z 000yy | |
| 200 | 1 | @a了解美国@ALiao Jie Mei Guo@f(英)恩斯特·格瑞菲思,丁杰思著@F(Ying)En SiTe·Ge Rui Fei Si,Ding Jie Si Zhu |
| 210 | @a北京@c华夏出版社@d1997.12 | |
| 215 | @a213页@c冠图@d21cm | |
| 606 | 0 | @a政治@y美国@x概况 |
| 690 | @aD771.2@v1 | |
| 701 | 0 | @a格瑞菲思@4著 |
| 701 | 0 | @a丁杰思@4著 |
| 801 | @aCN@bTSTC@c20000509 | |
| 905 | @dD771.2@e192@f1@b288312 | |
| 了解美国/(英)恩斯特·格瑞菲思,丁杰思著.-北京:华夏出版社,1997.12 |
| 213页:冠图;21cm |
| ISBN 7-5080-1467-7:CNY15.00 |
| ● |
| 相关链接 |
|
|
|
|
正题名:了解美国
索取号:D771.2/192
 
预约/预借
| 序号 | 登录号 | 条形码 | 馆藏地/架位号 | 状态 | 备注 |
| 1 | 0288312 | 002883124 | 第一借阅区/ [索取号:D771.2/192] | 在馆 |